00633nam a2200241 a 4500001001300000003000900013005001700022008004100039020001000080082001400090100001700104245002800121260003100149300000900180500003500189505001000224650001600234700001700250902000800267942000700275952009400282999001500376nice12345678IN_TiNIC20260116011557.0050524s1927 egya grp 000 0 per  ac10000a239bABD7 aAbdul, Masih aMukalimat-E-Muhabbatana aEgyptbNo Publishersc1927 a117p aincludes index and biblioraphy2 aindex aApologetics1 aAbdul, Masih bSRS cBK 00104070aHMIbHMId2016-03-22g100.00l0o239 ABD7p1296r0000-00-00w2026-01-16yARB c2709d2709